[Event "Stay Safe Play From Home 356"]
[Site "Emanuel Lasker Arena"]
[Date "2020.08.04"]
[Round "6"]
[White "TheCHESSHOUSE"]
[Black "UdayChandra"]
[Result "1/2-1/2"]
[WhiteElo "2112"]
[BlackElo "1700"]
[Annotator "TA"]
[PlyCount "160"]
[EventDate "2020.08.04"]
[EventType "swiss (blitz)"]

{[%evp 14,160,68,8,81,52,49,0,10,8,2,9,28,18,18,27,37,21,71,44,64,36,59,63,59,25,104,0,101,-24,33,-23,-18,-61,-24,-31,4,-5,0,-45,-41,-50,-43,-135,25,14,14,-151,-167,-226,-186,-290,-195,-265,-220,-290,-272,-267,0,7,41,18,112,112,116,40,37,32,41,0,0,0,1110,956,906,22,22,-8,-8,-8,-8,-2,0,-3,0,0,0,0,0,0,0,0,0,0,0,0,0,0,52,0,24,24,24,24,343,-857,281,124,124,124,353,172,342,325,356,349,481,103,103,0,29993,0,0,0,0,0,0,0,0,0,0,0,0,0,0,0,0,0,0,0,0,0,0,0,0,0,0,0,0]} 1. d4 c6 2. c4 d6 3. Nc3 g6 4. e4 Bg7 5. Nf3 Nf6 6. Be2 O-O 7. O-O e5 {is the new trend.} 8. Be3 (8. d5 $14) 8... Re8 {[#] E94: King's Indian: Classical: 6 Be2 e5 7 0-0: Various Black 7th moves.} (8... exd4 $1 $11 9. Nxd4 (9. Bxd4 Re8 $11) 9... Na6) 9. dxe5 $146 ({Predecessor:} 9. Qc2 Qc7 10. d5 Ng4 11. Bc1 f5 12. Nd2 Nh6 13. Bd3 Na6 14. a3 Nc5 15. b4 Nxd3 16. Qxd3 {½-½ (33) Mudron,J (1756)-Majerova,V (1531) Ruzomberok 2019}) 9... dxe5 10. Qb3 Qe7 11. Rad1 Ng4 12. Bg5 Bf6 13. Bc1 Bg7 14. h3 Nf6 15. Be3 h6 16. Rd2 Nbd7 17. Rfd1 b6 18. Qc2 Bb7 19. b4 Rad8 {[#]} (19... a5 $11 {keeps the balance.} 20. bxa5 Rxa5) 20. Ne1 (20. c5 $1 $16 {[%mdl 512]}) 20... Kh7 (20... Qxb4 $11 {remains equal.} 21. Nf3 Qe7) 21. Bf3 (21. c5 $16) 21... Nf8 (21... Qxb4 $11 22. c5 Qa5) 22. Ne2 (22. Rxd8 $14 Rxd8 23. Rxd8 Qxd8 24. Nd3) 22... Rxd2 $11 23. Rxd2 Ne6 24. Nd3 Rd8 25. Nxe5 Rxd2 26. Bxd2 Ng5 27. Bxg5 hxg5 28. Ng4 ({White should play} 28. Nd3 $1 $15) 28... c5 $2 (28... Nxg4 $17 29. Bxg4 Qxb4) 29. Nxf6+ Bxf6 30. Ng3 $2 ({White should try} 30. b5 $11) 30... cxb4 $17 31. Kh2 (31. Qd3 $142) 31... Kg7 32. Ne2 (32. c5 {might work better.}) 32... Be5+ 33. g3 (33. Kg1 $142) 33... Bf6 34. Qd3 Qe5 35. Bg2 b3 $2 (35... Qc5 $19 36. Qe3 (36. e5 $2 Qxf2 37. exf6+ Kh7 $19) 36... Ba6) 36. axb3 $11 Ba6 37. f4 Qc5 (37... gxf4 $11 38. gxf4 Qb2) 38. e5 $16 Be7 39. Nd4 (39. e6 $1 $16) 39... gxf4 $14 40. gxf4 Bh4 41. Qe4 Bc8 42. f5 {f6+ is the strong threat.} Bxf5 $2 {[%mdl 8192]} (42... Bf2 $11 43. f6+ Kh7) 43. Nxf5+ $18 gxf5 44. Qxf5 $2 (44. Qxh4 $18 {Black must now prevent Bd5.} Qxe5+ 45. Qg3+ Kf6 46. Qxe5+ Kxe5 47. h4) 44... Kf8 45. Qg4 Qxe5+ 46. Kh1 Qe1+ 47. Kh2 Qe5+ 48. Kh1 $132 {[%mdl 2048] White is fighting back} Qa1+ 49. Kh2 Bf6 {Strongly threatening ...Be5+.} (49... Qf6 {is interesting.} 50. Bf3 Qb2+ 51. Be2 Bd8 52. Kg2 Qd2) 50. h4 Qe5+ 51. Kh3 Qc3+ 52. Qf3 Qxf3+ (52... Qd4 {is more complex.} 53. Qg4 Qd3+ 54. Qf3 Qd7+ 55. Qg4 Qd3+) 53. Bxf3 $11 {[%mdl 4096] Endgame KB-KB} Be5 54. Kg4 Bd4 55. h5 a5 (55... Be3 $11) 56. Kf5 ({Better is} 56. h6 $14) 56... Kg8 57. Bc6 Kh7 58. Kg5 a4 $2 {[%mdl 8192]} (58... f6+ $11 {and Black stays safe.} 59. Kf4 Kh6) 59. Kg4 $4 {[%mdl 8192] [#]} ({Less strong is} 59. Bxa4 Be3+ 60. Kg4 Bc5 $16) ({Weaker is} 59. bxa4 f6+ 60. Kf4 Kh6 $14) (59. Be4+ $18 Kg8 60. bxa4) 59... Bc3 $4 {[%mdl 8192]} (59... f5+ $1 $19 {[%mdl 512] avoids the disaster.} 60. Kxf5 a3) 60. Be4+ ({Not} 60. Bxa4 Be1 $16) (60. bxa4 $18 Kh6 61. Bf3) 60... Kg7 $16 61. bxa4 Kh8 $2 (61... Kf6 $16) 62. Bc6 (62. Kf5 $142 Kg7 63. Kg5) 62... f6 $2 (62... Kg8 {is a better defense.} 63. h6 Bd2) 63. Bb5 f5+ 64. Kxf5 Bd4 65. c5 $2 (65. Ke6 $18 Kg7 66. Kf5) 65... Bxc5 66. a5 (66. Kg6 $16) 66... Bb4 $2 {[%mdl 8192]} (66... bxa5 $11 67. Kg6 a4) 67. Ba4 $2 (67. a6 {mates} Kh7 68. a7 Kg7 69. a8=Q Bf8 70. Qe8 Kh8 71. Kg6 Kg8 72. Qf7+ Kh8 73. Qxf8#) 67... Bxa5 $11 {The position is equal.} 68. Kg6 Bb4 69. h6 Bc5 70. h7 Bd4 71. Bb3 Bc3 72. Bc4 Bd4 73. Bb3 Be5 74. Bd5 b5 75. Bb3 b4 76. Ba2 Bd4 77. Bb3 Bc3 78. Ba2 Bd4 79. Bb3 Be5 80. Ba2 Bd4 {What a fight! Accuracy: White = 50%, Black = 56%.} 1/2-1/2

[Event "Stay Safe Play From Home 356"]
[Site "Emanuel Lasker Arena"]
[Date "2020.08.04"]
[Round "6"]
[White "Lazieri3"]
[Black "Trotsky"]
[Result "1-0"]
[WhiteElo "2071"]
[BlackElo "1661"]
[Annotator "TA"]
[PlyCount "41"]
[EventDate "2020.08.04"]
[EventType "swiss (blitz)"]

{[%evp 9,41,-39,-27,-8,-14,-50,56,-2,5,-14,31,-33,-25,-65,-58,-64,-59,-62,-59,-62,-13,-62,-66,-76,-58,-70,173,48,45,29,30,30,1819,1804]} 1. e4 c5 2. Nc3 e6 3. d3 d5 4. Nf3 Nc6 5. Bg5 f6 {[#]} 6. exd5 $146 {B40: Sicilian: 2...e6, Unusual lines.} ({Predecessor:} 6. Bf4 g5 7. Be3 d4 8. Bd2 dxc3 9. Bxc3 Bg7 10. Nxg5 h5 11. Nxe6 Bxe6 12. Be2 Nge7 13. Bxh5+ Bf7 14. Bxf7+ Kxf7 15. h4 Qd6 16. Qc1 Rh5 17. g4 {0-1 (17) Bilcu,M (1096)-Taran,S (1242) Calimanesti Caciulata 2016}) 6... exd5 7. Bf4 Bd6 ({Black should play} 7... g5 $15 8. Bd2 Bg7) 8. Bxd6 (8. Nxd5 $14 Bxf4 9. Nxf4) 8... Qxd6 $11 9. Nb5 Qb8 10. Qe2+ (10. d4 $14) 10... Nge7 $15 11. O-O-O a6 12. Nc3 Qd6 13. g3 b5 14. Bg2 Be6 15. Qd2 O-O 16. Qf4 Qd7 17. Rde1 Nb4 $2 {[#]} (17... Bf7 $15) 18. a3 (18. Qe3 $18 Kf7 19. Qxc5) 18... a5 $14 19. Rxe6 Qxe6 20. Re1 Qd6 $2 {[%mdl 8192]} (20... Qd7 $11) 21. Qxd6 {Accuracy: White = 58%, Black = 43%.} 1-0

[Event "Stay Safe Play From Home 356"]
[Site "Emanuel Lasker Arena"]
[Date "2020.08.04"]
[Round "6"]
[White "Ao017545"]
[Black "Padmaesh M K"]
[Result "1-0"]
[WhiteElo "1685"]
[BlackElo "1816"]
[Annotator "NA RC"]
[PlyCount "91"]
[EventDate "2020.08.04"]
[EventType "swiss (blitz)"]

1. e4 {[%emt 0:00:03]} e5 {[%emt 0:00:01]} 2. Nf3 {[%emt 0:00:00]} Nc6 {[%emt 0:00:00]} 3. Bc4 {[%emt 0:00:01]} Bc5 {[%emt 0:00:00]} 4. d4 {[%emt 0:00:01]} Bxd4 {[%emt 0:00:01]} 5. Ng5 {[%emt 0:00:00]} Nh6 {[%emt 0:00:02]} 6. Nf3 {[%emt 0:00:02]} Bb6 {[%emt 0:00:02]} 7. Bxh6 {[%emt 0:00:01]} gxh6 {[%emt 0:00:01]} 8. Qd5 {[%emt 0:00:01]} Qf6 {[%emt 0:00:04]} 9. Nc3 {[%emt 0:00:03]} Nb4 {[%emt 0:00:02]} 10. Qd2 {[%emt 0:00:04]} d6 {[%emt 0:00:01]} 11. a3 {[%emt 0:00:01]} Nc6 {[%emt 0:00:01]} 12. Ne2 {[%emt 0:00:01]} Bg4 {[%emt 0:00:02]} 13. Ng3 {[%emt 0:00:01]} Bxf3 {[%emt 0:00:01]} 14. gxf3 {[%emt 0:00:01]} Nd4 {[%emt 0:00:03]} 15. O-O-O {[%emt 0:00:04]} Nxf3 {[%emt 0:00:02]} 16. Nh5 {[%emt 0:00:01]} Qg5 {[%emt 0:00:04]} 17. Qxg5 {[%emt 0:00:04]} hxg5 {[%emt 0:00:00]} 18. Nf6+ {[%emt 0:00:01]} Ke7 {[%emt 0:00:02]} 19. Nd5+ {[%emt 0:00:00]} Kf8 {[%emt 0:00:02]} 20. Nf6 {[%emt 0:00:01]} Kg7 {[%emt 0:00:02]} 21. Nh5+ {[%emt 0:00:01]} Kg6 {[%emt 0:00:02]} 22. Ng3 {[%emt 0:00:01]} h5 {[%emt 0:00:01]} 23. Nf5 {[%emt 0:00:00]} Nd4 {[%emt 0:00:04]} 24. Ne7+ {[%emt 0:00:01]} Kf6 {[%emt 0:00:02]} 25. Nd5+ {[%emt 0:00:01]} Kg7 {[%emt 0:00:02]} 26. Ne7 {[%emt 0:00:02]} Rae8 {[%emt 0:00:02]} 27. Rxd4 {[%emt 0:00:01]} Bxd4 {[%emt 0:00:01]} 28. Nf5+ {[%emt 0:00:00]} Kf6 {[%emt 0:00:01]} 29. Rf1 {[%emt 0:00:03]} Bb6 {[%emt 0:00:01]} 30. Ng3 {[%emt 0:00:02]} g4 {[%emt 0:00:00]} 31. Ne2 {[%emt 0:00:01]} h4 {[%emt 0:00:00]} 32. Nc3 {[%emt 0:00:00]} g3 {[%emt 0:00:01]} 33. Nd5+ {[%emt 0:00:00]} Kg7 {[%emt 0:00:02]} 34. hxg3 {[%emt 0:00:00]} hxg3 {[%emt 0:00:00]} 35. fxg3 {[%emt 0:00:00]} Rh2 {[%emt 0:00:00]} 36. Ne3 {[%emt 0:00:02]} Re6 {[%emt 0:00:00]} 37. Nf5+ {[%emt 0:00:02]} Kf8 {[%emt 0:00:02]} 38. Bxe6 {[%emt 0:00:00]} fxe6 {[%emt 0:00:00]} 39. Nh4+ {[%emt 0:00:02]} Ke8 {[%emt 0:00:00]} 40. Ng6 {[%emt 0:00:00]} Rh6 {[%emt 0:00:01]} 41. Rf8+ {[%emt 0:00:00]} Kd7 {[%emt 0:00:01]} 42. Nf4 {[%emt 0:00:01]} Kc6 {[%emt 0:00:00]} 43. Kd2 {[%emt 0:00:01]} Rh1 {[%emt 0:00:00]} 44. Rf7 {[%emt 0:00:01]} exf4 {[%emt 0:00:00]} 45. Rxc7+ {[%emt 0:00:00]} Kxc7 {[%emt 0:00:01]} 46. e5 {[%emt 0:00:00] Time Time Time Time Time (Lag: Av=0.68s, max=1.0s) (Lag: Av=0.68s, max=1.0s) (Lag: Av=0.68s, max=1.0s) (Lag: Av=0.68s, max=1.0s) (Lag: Av=0.68s, max=1.0s)} 1-0

[Event "Stay Safe Play From Home 356"]
[Site "Emanuel Lasker Arena"]
[Date "2020.08.04"]
[Round "7"]
[White "NTBT_DHS"]
[Black "TheCHESSHOUSE"]
[Result "1-0"]
[WhiteElo "2582"]
[BlackElo "2097"]
[Annotator "TA"]
[PlyCount "65"]
[EventDate "2020.08.04"]
[EventType "swiss (blitz)"]

{[%evp 11,65,32,62,69,127,121,136,128,157,145,195,135,162,177,169,159,169,174,168,145,146,132,416,412,550,550,533,471,735,722,710,706,904,903,876,866,866,843,846,839,1054,1057,1051,996,1010,1002,1566,1515,29973,5891,29991,29992,29992,29992,29994,29995]} 1. d4 Nf6 2. c4 g6 3. Nf3 Bg7 4. Nc3 d6 5. e4 O-O 6. Be2 Nc6 7. d5 {E91: King's Indian: Classical: 6 Be2, unusual replies including 6...c5 and 6...Bg4.} Na5 (7... Nb8 $14) 8. b4 $16 {Threatens to win with Rb1.} Nxe4 9. Nxe4 {[#] Hoping for Bd2.White is clearly better.} Nxc4 $146 ({Predecessor:} 9... Bxa1 10. bxa5 c6 11. Bd2 Bg7 12. O-O h6 13. Qb3 Qc7 14. Rc1 c5 15. Bc3 Bxc3 16. Qxc3 {0-1 (62) Meyer,S-Schoenberger,P Wiesbaden 1994}) 10. Rb1 ({Much less strong is} 10. Bxc4 Bxa1 11. Bh6 Bg7 $16) 10... Nb6 11. Ng3 ({Better is} 11. Bb2 $18) 11... a6 12. O-O c6 13. dxc6 bxc6 14. Bb2 e5 15. a4 Be6 16. a5 Nd7 $2 {[%mdl 8192] Black cannot hold the game after this.} (16... Nd5 $16 17. Qa4 Bd7) 17. Qxd6 $18 {[%mdl 64] [#] Double Attack} Qf6 18. Ne4 Qd8 19. Rfd1 Qc8 (19... Bd5 $142 20. Nc3 e4 21. Nxd5 cxd5 22. Bxg7 Kxg7 23. Qxd5 exf3) 20. Nxe5 Nxe5 21. Bxe5 Rd8 22. Qxd8+ Qxd8 23. Rxd8+ Rxd8 24. Bxg7 Kxg7 25. Nc5 Bf5 26. Rd1 Rb8 27. Nxa6 Ra8 28. Nc5 Rb8 29. a6 Rxb4 30. a7 Ra4 31. Nxa4 {White mates.} Bc2 32. a8=Q Bxa4 33. Qxa4 {Accuracy: White = 94%, Black = 28%.} 1-0

[Event "Stay Safe Play From Home 356"]
[Site "Emanuel Lasker Arena"]
[Date "2020.08.04"]
[Round "7"]
[White "Nuktotitakoi"]
[Black "Lamborghini"]
[Result "0-1"]
[WhiteElo "2407"]
[BlackElo "2278"]
[Annotator "TA"]
[PlyCount "94"]
[EventDate "2020.08.04"]
[EventType "swiss (blitz)"]

{[%evp 9,94,6,69,33,72,64,66,52,101,4,2,-2,14,-78,-58,-72,-79,-82,131,0,-16,-26,300,-46,-50,-45,2,0,0,0,0,-116,-116,-199,-61,-62,-51,-79,-87,-126,-91,-220,-231,-218,-110,-478,-74,-66,415,-67,341,-153,-148,-141,-148,-226,-232,-269,-204,-253,-250,-554,-549,-1329,-374,-1046,-479,-29986,-503,-483,-483,-475,-464,-593,-506,-510,-504,-589,-586,-577,-574,-455,0,-587,-414,-406,-336]} 1. Nf3 Nf6 2. Nc3 g6 3. d4 Bg7 4. Bf4 d6 5. Qd2 h6 (5... O-O $11) 6. O-O-O {A48: 1 d4 Nf6 2 Nf3 g6: Torre, London and Colle Systems.} a6 7. e4 {[#]} b5 $146 ({Predecessor:} 7... Nh5 8. Be3 Nd7 9. Be2 Ndf6 10. h3 Bd7 11. g4 c6 12. gxh5 Nxh5 13. e5 d5 {1-0 (23) Pimentel,R (1919)-Barros,R (1492) Sao Paulo 2016}) 8. e5 {White is slightly better.} Nfd7 9. exd6 (9. e6 $16) 9... cxd6 $11 10. Re1 Kf8 11. g3 (11. Nd5 $11 {keeps the balance.} Nc6 12. Bg3) 11... Bb7 12. Bg2 Nc6 13. Nd5 Na5 $2 (13... g5 $17 {and life is bright.} 14. Be3 e6) 14. Nh4 (14. Nxe7 $16 Nc4 15. Qd3) 14... Nc4 15. Qe2 e6 $2 {[%mdl 8192] [#]} (15... Bxd4 $6 16. b3 $14) (15... e5 $11 16. Bd2 exd4) 16. Ne3 $2 (16. Nxg6+ $1 $18 {[%mdl 512]} fxg6 17. Qxe6 {[%mdl 64] Double Attack}) 16... Bxg2 $15 17. Nhxg2 Rc8 {[%cal Ba8c8,Bc8c4,Bc4d4,Bd4d5,Bd5c5][%mdl 32]} 18. Nxc4 Rxc4 19. Bxd6+ Kg8 20. b3 (20. c3 $11) 20... Rxd4 $17 21. Ba3 (21. Rd1 $17 {keeps fighting.}) 21... Qc7 ({Black should play} 21... Qa5 $19 22. Bb2 Qxa2 23. Bxd4 Bxd4) 22. Bb2 $15 Rd5 23. Bxg7 Kxg7 24. Nf4 Rc5 $40 {[%mdl 128] White is in trouble.} 25. Qd2 (25. Nd3 $17 Rc3 26. Kb1) 25... Rc8 $19 {[%cal Rc5c2]} 26. Re2 Nf6 (26... Ne5 $1 $19 27. Kb1 Nf3) 27. Rhe1 $2 {[%mdl 8192]} (27. Kb1 $17 {is tougher.}) 27... Qc6 $2 (27... e5 $19 28. Ng2 Ne4 $1 {[%mdl 512]}) 28. Kb1 $17 {[%cal Rf4e6] Hoping for Nxe6+!} a5 $2 {[%mdl 8192] [#]} (28... Rc7 $15 {stays ahead.}) 29. h4 $2 (29. Nxe6+ $1 $18 {[%mdl 512]} Kh7 (29... fxe6 30. Rxe6) 30. Nxc5 Qxc5 31. Re5) 29... a4 $2 {[%mdl 8192] [#]} (29... Rc7 $15 {keeps the upper hand.}) 30. h5 $2 (30. Nxe6+ $1 $18 {[%mdl 512]} Kh7 (30... fxe6 31. Rxe6) 31. Nxc5 Qxc5 32. Re5) 30... axb3 ({Much less strong is} 30... gxh5 31. Rc1 $17) ({Weaker is} 30... Nxh5 31. Nxe6+ fxe6 32. Rxe6 $11) 31. axb3 {[%cal Rf4e6]} g5 ({Reject} 31... Nxh5 $6 32. Nxe6+ fxe6 33. Rxe6 $11) 32. Nxe6+ (32. Nd3 $17 Rc3 33. Nb4) 32... fxe6 $19 33. Rxe6 Qd5 34. Re7+ {[#]} Kg8 $1 35. Qe2 $2 (35. Qxd5+ {is more resistant.} Nxd5 36. Re8+ Rxe8 37. Rxe8+ Kg7 38. Rb8) 35... Rxc2 36. Qe3 R2c7 $2 (36... Kh8 37. g4 R2c3 $1 {[%mdl 576] Double Attack} 38. Re8+ {[%mdl 64] Decoy} Nxe8 39. Qe5+ Qxe5 40. Rxe5 Rxb3+ 41. Ka2 Rf3) 37. Re5 $2 (37. Rxc7 Rxc7 38. Qe6+ Qxe6 39. Rxe6) 37... Qd6 (37... Qd7 $142 {( -> ...Qh7+)} 38. Rxg5+ hxg5 39. Qxg5+ Qg7 40. Qxg7+ Kxg7) 38. Qf3 {[#]} (38. Re6 $19 Qd8 39. Ra6) 38... Rc1+ (38... Qa3 $142 $1 39. Qd1 Ra8 40. Re8+ Nxe8 41. Qd5+ Kf8 42. Qf5+ Rf7 43. Qxf7+ Kxf7 44. Kc2 Rc8+ 45. Kd2 Qb2+ 46. Ke3 Rc3+ 47. Kd4 Qxb3 48. Ke4 Rc5 49. Rh1 Nf6+ 50. Kd4 Rd5#) 39. Rxc1 Rxc1+ 40. Kxc1 Qxe5 41. Qa8+ Kg7 42. Qb7+ Kf8 43. Qc8+ Kf7 44. Qb7+ Ke6 45. Qc6+ Kf5 $2 (45... Ke7 $19 {Strongly threatening ...Qe1+.} 46. Qb7+ Nd7) 46. Qc8+ $2 {[%mdl 8192]} (46. Qf3+ $1 $11 {and White has nothing to worry.} Ke6 47. Qc6+ Ke7 48. Qb7+ Nd7 49. Qf3) 46... Qe6 47. Qc2+ Qe4 {Quite a comeback for Black. Accuracy: White = 19%, Black = 31%.} 0-1

[Event "Stay Safe Play From Home 356"]
[Site "Emanuel Lasker Arena"]
[Date "2020.08.04"]
[Round "7"]
[White "AChessPlayer"]
[Black "Lazieri3"]
[Result "1-0"]
[WhiteElo "2372"]
[BlackElo "2074"]
[Annotator "TA"]
[PlyCount "91"]
[EventDate "2020.08.04"]
[EventType "swiss (blitz)"]

{[%evp 10,91,16,17,60,18,34,12,13,16,35,0,0,0,0,0,3,-8,3,9,32,45,46,36,34,42,41,10,35,41,41,20,139,55,76,65,89,32,29,27,41,0,0,-33,-41,-47,22,0,0,0,0,0,36,33,58,43,45,46,45,38,41,41,53,35,53,29,53,53,58,53,133,132,173,0,210,0,104,144,747,0,696,77,52,0]} 1. Nf3 c6 2. g3 d5 3. Bg2 Nf6 4. O-O Bf5 5. d3 h6 6. Nbd2 Qc8 {[#] A07: Réti Opening: New York and Capablanca Systems.} 7. Ne5 $146 ({Predecessor:} 7. Re1 Bh3 8. e4 Bxg2 9. Kxg2 e6 10. b3 Bb4 11. Bb2 Nbd7 12. Qe2 O-O 13. Red1 Re8 14. Ne5 Nxe5 15. Bxe5 {0-1 (48) Pecha,T (2195)-Cagasik,T (2193) Czech Republic 2016}) 7... Bh3 8. Ndf3 Bxg2 {The position is equal.} 9. Kxg2 Nbd7 10. d4 Nxe5 11. dxe5 Ne4 12. Qd3 e6 13. c4 Nc5 14. Qc2 dxc4 15. Qxc4 Be7 16. Be3 Nd7 17. Rac1 $36 {[%mdl 2048] White is more active.} Nb6 18. Qc2 (18. Qg4 $5 {[%cal Rg4g7]} Kf8 19. h4 $14) 18... Nd5 19. Bc5 Qc7 20. e4 Bxc5 (20... Nb4 $11 21. Qb3 Bxc5 22. Rxc5 Na6) 21. Qxc5 (21. exd5 $16 Bb6 22. d6 (22. dxc6 Qxc6 23. Qxc6+ bxc6 $16)) 21... Nb6 22. Rfd1 Qe7 23. Qe3 (23. Rd6 $16) 23... O-O $14 24. b3 Rfd8 25. Nd4 Rd7 26. h4 Rad8 27. Rd2 $1 Nc8 (27... Qb4 $15 28. Rcd1 c5) 28. Rcd1 Qc5 29. h5 Ne7 30. f4 Kh8 31. Kf3 Kg8 32. Ne2 Qxe3+ 33. Kxe3 Rxd2 34. Rxd2 Rxd2 35. Kxd2 {[%mdl 4096] Endgame KN-KN} Kf8 36. Kd3 Ke8 37. Kd4 Kd7 38. g4 b6 39. b4 Nc8 (39... Ng8 $14) 40. f5 $16 Ne7 41. Nf4 $2 {[#]} ({White should try} 41. f6 $18) 41... Ke8 $2 (41... c5+ $1 $11 {and Black stays safe.} 42. Kc4 cxb4) 42. f6 $2 (42. fxe6 $18 fxe6 43. Nxe6) 42... gxf6 (42... g5 $1 $11 43. Nd3 c5+ 44. bxc5 Nc6+ 45. Kc4 Kd7) 43. exf6 Ng8 $2 {[%mdl 8192]} (43... c5+ $16 44. Kc4 (44. bxc5 Nc6+ 45. Kc3 Ne5 $14) 44... Nc6) 44. Ke5 $2 (44. e5 $18 {Strongly threatening Nh3.} Kd7 45. Nd3) 44... Kd7 $2 {[%mdl 8192] [#]} (44... c5 $11) 45. Nh3 $2 (45. Nxe6 $1 $18 {[%mdl 512] aiming for g5.} a6 (45... fxe6 46. f7) 46. a4) 45... c5 46. b5 {[%mdl 32768] Accuracy: White = 57%, Black = 61%. . Loss on time!?} ({Better is} 46. bxc5 $14 bxc5 47. g5 hxg5 48. Nxg5) 1-0

[Event "Stay Safe Play From Home 356"]
[Site "Emanuel Lasker Arena"]
[Date "2020.08.04"]
[Round "7"]
[White "Little champs"]
[Black "Broken sword"]
[Result "0-1"]
[WhiteElo "2178"]
[BlackElo "2418"]
[Annotator "TA"]
[PlyCount "136"]
[EventDate "2020.08.04"]
[EventType "swiss (blitz)"]

{[%evp 14,136,11,-11,-8,-45,-18,-18,-18,-12,-18,-18,-18,-14,-25,-15,-16,-29,-14,-12,-26,-28,-4,-37,-34,-47,-39,-54,-47,-53,-34,-64,-60,-77,-52,-79,-37,-87,-90,-86,-81,-87,-75,-107,-73,-78,-68,-306,-307,-971,-231,-308,-305,-314,-310,-312,-272,-1232,181,9,473,436,453,450,480,486,486,576,544,562,551,548,624,499,539,527,756,579,568,561,564,562,562,532,539,529,647,654,648,630,722,0,602,544,702,238,556,545,577,454,512,-4627,-4622,-3979,-2495,-29978,-29979,-29985,-29986,-29987,-29988,-29989,-29990,-29990,-29985,-29990,-29986,-29985,-29986,-29987,-29988,-29990,-29989,-29989,-29985]} 1. d4 d5 2. e3 Nf6 3. Nf3 c6 4. Be2 Bf5 5. O-O e6 6. c4 Nbd7 7. Nc3 Bd6 8. cxd5 exd5 {D12: Slav Defence: 3 Nf3 Nf6 4 e3 Bf5.} 9. Bd3 (9. Nh4 $5 {[%cal Rh4f5]} Be6 10. Nf3 $11) 9... Bg4 10. h3 Bh5 {The position is equal.} 11. e4 dxe4 12. Nxe4 Nxe4 13. Bxe4 O-O 14. Qd3 Nf6 15. Bg5 {[#] aiming for Bxh7+!} Bg6 $146 ({Predecessor:} 15... h6 16. Bxf6 Qxf6 17. Rfe1 Rae8 18. Rad1 Bc7 19. d5 cxd5 20. Bxd5 Rxe1+ 21. Rxe1 {½-½ (20) Schmidt,K (2168)-Maierhofer,J (2193) ICCF email 2014}) 16. Bxg6 hxg6 17. Rfe1 Qd7 18. Bxf6 gxf6 19. Qe3 Kg7 20. Qd2 Rad8 21. a3 Bc7 22. h4 Bb6 23. Rad1 Qg4 24. Qe3 Rd7 25. Rd3 Rfd8 26. Red1 Rd5 27. b4 a6 28. R1d2 R8d7 29. Rd1 Bc7 30. R1d2 $2 ({Better is} 30. g3 $15) 30... Bf4 $19 {[%mdl 64] Skewer} 31. Qe4 $2 {[#]} (31. Qe1 Bxd2 32. Qxd2) 31... f5 $2 (31... Bh2+ $1 {[%mdl 512]} 32. Kxh2 (32. Nxh2 Qxe4) 32... Qxe4) 32. Qe8 Bxd2 33. Rxd2 Qe4 34. Qb8 f6 35. Re2 $2 (35. Rd1 Qe7 36. Re1) 35... Qb1+ $4 {[%mdl 8192] [#]} (35... Qxe2 $19 36. Qf4 Qb2) 36. Re1 $2 ({Only move:} 36. Kh2 $1 $18 {Hoping for Re8.} Qb3 37. Qe8) 36... Qxe1+ $4 {[%mdl 8192]} (36... Qb3 $11) 37. Nxe1 $18 Rxd4 38. Nf3 Rd1+ 39. Kh2 R1d6 40. Qe8 Rd5 41. h5 gxh5 42. Qxh5 Kf8 43. Qh6+ Kf7 44. Nh4 f4 45. Qg6+ Ke7 46. Nf5+ Kd8 47. Qxf6+ Kc7 48. Nh4 Rd4 49. Kh3 Rd3+ 50. f3 R3d4 51. Nf5 R4d5 52. Nh4 Rd4 $1 53. Qf5 a5 54. Kg4 $2 (54. Qe5+ Kc8 55. Nf5) 54... axb4 $2 (54... Rg7+ 55. Kh3 Rd5) 55. axb4 Rxb4 56. Ng6 Rb5 57. Nxf4 $4 {[%mdl 8192]} (57. Qxf4+ $18 Kc8 58. Qe4) 57... Rxf5 $19 58. Kxf5 $18 {[%mdl 4096] Endgame KR-KN} b5 59. g4 b4 {Black mates.} 60. g5 b3 61. Ne6+ Kb6 62. g6 b2 63. g7 Rxg7 64. Kf6 b1=Q 65. Nxg7 Qd3 66. Kf7 Qxf3+ 67. Kg8 Qe4 68. Kf8 Qd5 {What a fight! Accuracy: White = 49%, Black = 55%.} 0-1

[Event "Stay Safe Play From Home 356"]
[Site "Emanuel Lasker Arena"]
[Date "2020.08.04"]
[Round "7"]
[White "UdayChandra"]
[Black "Ao017545"]
[Result "1-0"]
[WhiteElo "1760"]
[BlackElo "1708"]
[Annotator "NA RC"]
[PlyCount "53"]
[EventDate "2020.08.04"]
[EventType "swiss (blitz)"]

1. Nf3 {[%emt 0:00:02]} e5 {[%emt 0:00:00]} 2. g3 {[%emt 0:00:00]} e4 {[%emt 0:00:01]} 3. Bg2 {[%emt 0:00:00]} exf3 {[%emt 0:00:03]} 4. Bxf3 {[%emt 0:00:00]} Nf6 {[%emt 0:00:00]} 5. O-O {[%emt 0:00:00]} Bd6 {[%emt 0:00:01]} 6. d4 {[%emt 0:00:00]} Be7 {[%emt 0:00:01]} 7. c4 {[%emt 0:00:00]} c5 {[%emt 0:00:00]} 8. d5 {[%emt 0:00:00]} d6 {[%emt 0:00:01]} 9. Nc3 {[%emt 0:00:00]} Bg4 {[%emt 0:00:00]} 10. Bg5 {[%emt 0:00:00]} Bxf3 {[%emt 0:00:01]} 11. exf3 {[%emt 0:00:00]} Nxd5 {[%emt 0:00:02]} 12. Bxe7 {[%emt 0:00:03]} Nxe7 {[%emt 0:00:00]} 13. Re1 {[%emt 0:00:00]} O-O {[%emt 0:00:01]} 14. Qe2 {[%emt 0:00:01]} Ng6 {[%emt 0:00:00]} 15. Rad1 {[%emt 0:00:01]} Nc6 {[%emt 0:00:00]} 16. f4 {[%emt 0:00:01]} Nd4 {[%emt 0:00:00]} 17. Qd3 {[%emt 0:00:02]} Qb6 {[%emt 0:00:04]} 18. Ne2 {[%emt 0:00:01]} Qxb2 {[%emt 0:00:03]} 19. Nxd4 {[%emt 0:00:01]} cxd4 {[%emt 0:00:01]} 20. Rb1 {[%emt 0:00:05]} Qxa2 {[%emt 0:00:01]} 21. Rxb7 {[%emt 0:00:02]} Rab8 {[%emt 0:00:06]} 22. Rxb8 {[%emt 0:00:01]} Rxb8 {[%emt 0:00:00]} 23. h4 {[%emt 0:00:00]} Ne7 {[%emt 0:00:01]} 24. h5 {[%emt 0:00:01]} Nc6 {[%emt 0:00:01]} 25. h6 {[%emt 0:00:01]} g6 {[%emt 0:00:02]} 26. Qe4 {[%emt 0:00:01]} Nd8 {[%emt 0:00:01]} 27. Qe8# {[%emt 0:00:01] Mate Mate Mate Mate Mate} 1-0